Tilastot visalle Yhdysvaltain osavaltiot

Klikkaa tästä pelataksesi tätä visaa!

Yleistilastot

  • Tätä visaa on pelattu 22 602 kertaa
  • Keskiarvotulos 28 / 50

Vastaukset kartalla

Vastauksille on annettu kartalla punavihreä väri sen mukaan, kuinka moni on saanut sen oikein.
Ladataan ...
 

Vastaustilastot

Osavaltio% Oikein
Texas
93%
New York
92%
Florida
91%
Kalifornia
90%
Alaska
89%
Washington
86%
Alabama
71%
Nevada
68%
Arizona
65%
Mississippi
64%
Utah
63%
New Mexico
62%
Minnesota
62%
Ohio
61%
Havaiji
61%
Etelä-Carolina
59%
Pohjois-Carolina
59%
Etelä-Dakota
59%
Pohjois-Dakota
59%
Michigan
57%
Kansas
56%
Virginia
56%
Colorado
55%
Tennessee
55%
Maine
55%
New Jersey
55%
Arkansas
54%
Georgia
54%
Pennsylvania
53%
Illinois
53%
Idaho
50%
Oregon
49%
Wyoming
48%
Kentucky
48%
Montana
47%
Länsi-Virginia
46%
Oklahoma
45%
Louisiana
44%
Nebraska
44%
Missouri
44%
Indiana
43%
Iowa
43%
Maryland
43%
Rhode Island
41%
Wisconsin
40%
Delaware
38%
New Hampshire
38%
Connecticut
37%
Massachusetts
37%
Vermont
36%

Tulosjakauma

Persentiili vastausten määrän mukaan

Jokaisen tuloksen saaneiden osuus

Tuloshistoriasi

Et ole pelannut tätä visaa